|
|
|
|
| LEADER |
00000nam a2200000 a 4500 |
| 001 |
UCQ2640 |
| 003 |
CL-VaPUC |
| 008 |
980724e19960000SP |||||||||||||||||spa|d |
| 082 |
0 |
4 |
|a 306
|b GIN
|2 21
|
| 100 |
|
|
|a Giner, Salvador
|e author
|9 562503
|
| 700 |
0 |
|
|a Scartezzini, Riccardo
|e author
|9 416675
|
| 245 |
1 |
0 |
|a Universalidad y diferencia
|
| 300 |
|
|
|a 209 p
|
| 942 |
|
|
|c BK
|
| 945 |
|
|
|d 19980724 00:00:00
|a mvenant
|
| 260 |
|
|
|a Madrid
|b Alianza
|c 1996
|
| 650 |
|
0 |
|a Antropología cultural
|9 269905
|
| 650 |
|
0 |
|a Comunidad
|9 308730
|
| 650 |
|
0 |
|a Aspectos psicológicos
|9 258128
|
| 650 |
|
0 |
|a Modernidad
|9 265371
|
| 650 |
|
0 |
|a Ética
|9 255099
|
| 583 |
|
|
|a last modification
|c 19980724 00:00:00
|k Rodrigo Vera
|
| 999 |
|
|
|c 273433
|d 273431
|
| 952 |
|
|
|0 0
|1 0
|4 0
|6 306_000000000000000_GIN_1996
|7 0
|8 A
|9 308982
|a BIBEDU
|b BIBEDU
|d 2019-11-20
|i 3445968
|o 306 GIN 1996
|p 3445968
|r 2019-11-20
|w 2019-11-20
|y BK
|k FIL
|